[Event "4NCL/Div3/BRI3 vs. NOTT2"]
[Site "Daventry ENG"]
[Date "2010.03.27"]
[Round "7.1"]
[White "Meadows, Michael"]
[Black "Flynn, David"]
[Result "1/2-1/2"]
[WhiteElo "1722"]
[BlackElo "2053"]
[PlyCount "97"]
[EventDate "2010.03.27"]
[SourceDate "2009.10.24"]

1. e4 c5 2. Nf3 d6 3. d4 cxd4 4. Nxd4 Nf6 5. Nc3 g6 6. Be3 Bg7 7. f3 Nc6 8. Qd2
O-O 9. Bc4 Bd7 10. O-O-O Ne5 11. Bb3 Qa5 12. h4 Rfc8 13. Kb1 b5 14. Nd5 Qxd2
15. Rxd2 Kf8 16. Nxf6 Bxf6 17. Bg5 Bg7 18. Ne2 Nc4 19. Bxc4 Rxc4 20. h5 a5 21.
hxg6 hxg6 22. Bh6 Bxh6 23. Rxh6 Kg7 24. Rh1 Rc5 25. Nf4 Bc6 26. Nd3 Rh5 27.
Rxh5 gxh5 28. Nf4 h4 29. Nd5 Re8 30. Nc7 Rh8 31. Nd5 Kf8 32. Nf4 Kg7 33. Rd1
Rh7 34. Rh1 f5 35. exf5 Kf6 36. Ne6 h3 37. Rxh3 Rxh3 38. gxh3 Bxf3 39. Nd4 Bg2
40. h4 Be4 41. Nxb5 Kxf5 42. Kc1 Kg4 43. Kd2 Kxh4 44. c3 Kg4 45. Ke3 Bb1 46. a3
Kf5 47. Nd4+ Kf6 48. b4 axb4 49. axb4 1/2-1/2

[Event "4NCL/Div3/BRI3 vs. NOTT2"]
[Site "Daventry ENG"]
[Date "2010.03.27"]
[Round "7.2"]
[White "Combie, Alexander"]
[Black "Atkinson, Harvey"]
[Result "1-0"]
[WhiteElo "1975"]
[BlackElo "1802"]
[PlyCount "61"]
[EventDate "2010.03.27"]
[SourceDate "2009.10.24"]

1. d4 d5 2. c4 e6 3. Nf3 Nf6 4. g3 Be7 5. Bg2 O-O 6. O-O dxc4 7. Qc2 c6 8. Qxc4
Nbd7 9. Nc3 Nb6 10. Qb3 Nbd5 11. Rd1 Qb6 12. Qxb6 axb6 13. Ne5 Nd7 14. Nxd7
Bxd7 15. e4 Nxc3 16. bxc3 Ra4 17. Be3 b5 18. Rd2 Rfa8 19. Rc2 b6 20. d5 cxd5
21. exd5 R8a6 22. d6 Bf6 23. Bf1 Be5 24. Rb1 Rxa2 25. Rxa2 Rxa2 26. Bxb5 Bxb5
27. Rxb5 Bxd6 28. Rxb6 Ra1+ 29. Kg2 Rd1 30. Bd4 Bc7 31. Rc6 1-0

[Event "4NCL/Div3/BRI3 vs. NOTT2"]
[Site "Daventry ENG"]
[Date "2010.03.27"]
[Round "7.3"]
[White "Dunlop, Neil J"]
[Black "Burke, Steven J"]
[Result "1/2-1/2"]
[WhiteElo "1802"]
[BlackElo "1954"]
[PlyCount "95"]
[EventDate "2010.03.27"]
[SourceDate "2009.10.24"]

1. e4 Nf6 2. e5 Nd5 3. c4 Nb6 4. d4 d6 5. exd6 cxd6 6. Nc3 g6 7. Be3 Bg7 8. Rc1
O-O 9. Nf3 f5 10. d5 N6d7 11. Be2 Na6 12. a3 Ne5 13. O-O Nc7 14. Qd2 Nf7 15.
Ng5 Nxg5 16. Bxg5 Rf7 17. Rcd1 Qf8 18. f4 h6 19. Bh4 Bd7 20. Bf3 b6 21. Rfe1
Bf6 22. Bxf6 exf6 23. Re3 Re8 24. Rde1 Rfe7 25. R1e2 Kf7 26. Kf2 Rxe3 27. Rxe3
Rxe3 28. Qxe3 Qe7 29. Ne2 Na6 30. Nd4 Nc5 31. Qxe7+ Kxe7 32. Ke3 a5 33. Bd1 Ba4
34. Bxa4 Nxa4 35. Nc6+ Kd7 36. b4 axb4 37. axb4 Nc3 38. Nd4 b5 39. cxb5 Nxd5+
40. Kf3 Nxb4 41. g3 Nd5 42. h4 h5 43. Ke2 Kc7 44. Kd3 Kb6 45. Kc4 Ne3+ 46. Kb4
Nd5+ 47. Kc4 Ne3+ 48. Kb4 1/2-1/2

[Event "4NCL/Div3/BRI3 vs. NOTT2"]
[Site "Daventry ENG"]
[Date "2010.03.27"]
[Round "7.4"]
[White "Thompson, Brian"]
[Black "Woolgar, Steven G"]
[Result "1-0"]
[WhiteElo "1953"]
[BlackElo "1698"]
[PlyCount "81"]
[EventDate "2010.03.27"]
[SourceDate "2009.10.24"]

1. d4 Nf6 2. Nf3 d5 3. e3 g6 4. c4 e6 5. Nc3 Bg7 6. Qb3 b6 7. cxd5 exd5 8. Bb5+
c6 9. Be2 O-O 10. O-O Bb7 11. Bd2 Nbd7 12. Rfc1 Rc8 13. Qa3 a5 14. Rc2 Re8 15.
b3 Ne4 16. Be1 b5 17. Qc1 Qb6 18. Rb1 Ndf6 19. Ne5 Nxc3 20. Bxc3 b4 21. Ba1 Re7
22. Nd3 Nd7 23. Nc5 Nf6 24. Bd3 Qd8 25. Nxb7 Rxb7 26. Ba6 Rbc7 27. Bxc8 Qxc8
28. a3 Bf8 29. axb4 Bxb4 30. Bc3 Bxc3 31. Rxc3 Ne4 32. Rc2 Qb7 33. Ra1 Qb5 34.
f3 Nd6 35. Rb1 Nb7 36. Qf1 Qb6 37. Qd3 Nd6 38. Rbc1 Nb7 39. h3 c5 40. dxc5 Nxc5
41. Qd4 1-0

[Event "4NCL/Div3/BRI3 vs. NOTT2"]
[Site "Daventry ENG"]
[Date "2010.03.27"]
[Round "7.5"]
[White "Woodruff, David G"]
[Black "Taylor, Robert P"]
[Result "1/2-1/2"]
[WhiteElo "1666"]
[BlackElo "1978"]
[PlyCount "129"]
[EventDate "2010.03.27"]
[SourceDate "2009.10.24"]

1. c4 e5 2. Nc3 Nf6 3. g3 Bc5 4. e3 Nc6 5. Bg2 O-O 6. Nge2 d6 7. d4 exd4 8.
exd4 Bb6 9. a3 Re8 10. O-O a5 11. h3 Bd7 12. Be3 Qc8 13. Kh2 Rb8 14. c5 dxc5
15. dxc5 Ba7 16. Nb5 Ra8 17. Nxa7 Rxa7 18. Nd4 Ra8 19. Nxc6 Bxc6 20. Bxc6 bxc6
21. b4 Nd5 22. Bd2 axb4 23. axb4 Qf5 24. Qb1 Qf6 25. Ra2 Qf3 26. Rxa8 Rxa8 27.
Qd1 Qd3 28. Kg2 h6 29. Re1 Ra2 30. Bf4 Nxb4 31. Bxc7 Rd2 32. Qf3 Qxf3+ 33. Kxf3
Rd5 34. Re5 f6 35. Rxd5 Nxd5 36. Bd6 Kf7 37. Ke4 h5 38. f4 Nc3+ 39. Kd3 Nb5 40.
Kc4 g6 41. g4 hxg4 42. hxg4 Ke6 43. Bf8 Nc7 44. Bd6 Nd5 45. Kd4 Nb4 46. Ke4 f5+
47. gxf5+ gxf5+ 48. Kd4 Nc2+ 49. Kc3 Ne3 50. Kd3 Ng2 51. Kd4 Nh4 52. Kc4 Nf3
53. Bf8 Ne1 54. Bd6 Ng2 55. Kd4 Nh4 56. Bf8 Ng6 57. Bd6 Nh8 58. Kc4 Nf7 59. Bf8
Kf6 60. Kd4 Kg6 61. Be7 Kh5 62. Bd6 Kg4 63. Be5 Kf3 64. Bd6 Kg3 65. Bb8 1/2-1/2

[Event "4NCL/Div3/BRI3 vs. NOTT2"]
[Site "Daventry ENG"]
[Date "2010.03.27"]
[Round "7.6"]
[White "Hill, Maurice J"]
[Black "Taylor, John-Paul"]
[Result "1-0"]
[WhiteElo "1802"]
[BlackElo "1306"]
[PlyCount "103"]
[EventDate "2010.03.27"]
[SourceDate "2009.10.24"]

1. c4 e5 2. g3 Nc6 3. Bg2 Nf6 4. Nc3 d6 5. d3 Be7 6. e4 O-O 7. Nge2 a6 8. O-O
Ne8 9. f4 Bg4 10. h3 Bxe2 11. Nxe2 Bf6 12. Rb1 Rb8 13. Be3 Qe7 14. Qd2 exf4 15.
gxf4 g6 16. d4 Bg7 17. b4 Na7 18. b5 axb5 19. cxb5 Nf6 20. Nc3 c6 21. Rb3 Rfd8
22. a4 c5 23. dxc5 dxc5 24. Qf2 c4 25. Rbb1 Nc8 26. e5 Nd7 27. Rfd1 f6 28. Bd5+
Kh8 29. e6 Nf8 30. Bc5 Nd6 31. f5 gxf5 32. Re1 Ng6 33. Bxc4 Qc7 34. Nd5 Qc8 35.
Nb6 Qc7 36. Nd5 Qc8 37. e7 Re8 38. Bxd6 Qxc4 39. Nb6 Qf7 40. Bxb8 Rxb8 41. Rbd1
Nxe7 42. Rd7 Qg6+ 43. Qg2 Ng8 44. Kf2 Bf8 45. Rc1 Qh6 46. Rcc7 Be7 47. Qf3 Re8
48. Kg2 f4 49. Nd5 f5 50. Qxf4 Qe6 51. Qd4+ Nf6 52. Nxe7 1-0

[Event "4NCL/Div3/OXF2 vs. NOTT1"]
[Site "Daventry ENG"]
[Date "2010.03.27"]
[Round "7.1"]
[White "Dickinson, Tim R"]
[Black "Richmond, Robert J"]
[Result "1-0"]
[WhiteElo "2151"]
[BlackElo "2200"]
[PlyCount "61"]
[EventDate "2010.03.27"]
[SourceDate "2009.10.24"]

1. e4 e6 2. d4 d5 3. Nd2 Nf6 4. Bd3 dxe4 5. Nxe4 Be7 6. Nf3 O-O 7. Nxf6+ Bxf6
8. h4 g6 9. Bh6 Re8 10. Qd2 Nc6 11. Bb5 Qd5 12. c4 Qe4+ 13. Kf1 Rd8 14. Re1 Qg4
15. Bxc6 bxc6 16. Bg5 Qf5 17. Ne5 h5 18. Rh3 Bxe5 19. Rxe5 Qxe5 20. dxe5 Rxd2
21. Bxd2 Ba6 22. b3 Rd8 23. Ke2 Kf8 24. Be3 Ra8 25. Bc5+ Ke8 26. Rd3 Bb7 27.
Ke3 a6 28. Kf4 a5 29. a4 Ba6 30. Kg5 Rb8 31. Kf6 1-0

[Event "4NCL/Div3/OXF2 vs. NOTT1"]
[Site "Daventry ENG"]
[Date "2010.03.27"]
[Round "7.2"]
[White "Walker, Andrew N"]
[Black "Burt, William"]
[Result "1-0"]
[WhiteElo "2087"]
[BlackElo "2162"]
[PlyCount "79"]
[EventDate "2010.03.27"]
[SourceDate "2009.10.24"]

1. e4 e5 2. Nf3 Nc6 3. Bb5 f5 4. Nc3 fxe4 5. Nxe4 Nf6 6. d3 d5 7. Ng3 Bd6 8.
O-O O-O 9. Re1 Bg4 10. Bxc6 bxc6 11. h3 Bxf3 12. Qxf3 Ne4 13. Nf5 Nxf2 14. Qxf2
Kh8 15. g4 g6 16. Bh6 Rf7 17. Bg7+ Rxg7 18. Nxg7 Kxg7 19. Rf1 Qg5 20. Kh1 h5
21. Qf7+ Kh6 22. gxh5 Qxh5 23. Qf3 Qh4 24. Kg2 e4 25. dxe4 dxe4 26. Qe3+ Qg5+
27. Qxg5+ Kxg5 28. Rae1 Re8 29. Re2 e3 30. Rf7 Re4 31. Rh7 Kf4 32. Rg7 g5 33.
Rf7+ Ke5 34. Kf3 Kd4 35. Rf5 Rf4+ 36. Rxf4+ gxf4 37. h4 Be7 38. h5 Ke5 39. h6
Kf6 40. Rg2 1-0

[Event "4NCL/Div3/OXF2 vs. NOTT1"]
[Site "Daventry ENG"]
[Date "2010.03.27"]
[Round "7.3"]
[White "Scott, David A"]
[Black "Coates, David H"]
[Result "1/2-1/2"]
[WhiteElo "2058"]
[BlackElo "2043"]
[PlyCount "124"]
[EventDate "2010.03.27"]
[SourceDate "2009.10.24"]

1. d4 Nf6 2. c4 g6 3. Nc3 Bg7 4. Nf3 O-O 5. Bg5 d6 6. e3 h6 7. Bh4 c5 8. d5 Bf5
9. Nd2 Qa5 10. f3 Na6 11. e4 Bd7 12. Bd3 Nc7 13. O-O b5 14. Qc2 bxc4 15. Nxc4
Qb4 16. a3 Qb7 17. Rae1 a5 18. f4 Nb5 19. Nxb5 Bxb5 20. Bxf6 Bxf6 21. e5 Bg7
22. exd6 exd6 23. Nxd6 Bxd3 24. Qxd3 Qxb2 25. Nb5 Rfd8 26. Rb1 Qa2 27. Rfd1 c4
28. Qd2 Qxd2 29. Rxd2 Rab8 30. a4 c3 31. Rd3 Rbc8 32. Rc1 Rc4 33. d6 Rxa4 34.
Nxc3 Rd4 35. Rxd4 Bxd4+ 36. Kf1 Rxd6 37. Nb5 Rd5 38. Rd1 Rxb5 39. Rxd4 Rb1+ 40.
Ke2 Ra1 41. Rd6 a4 42. Ra6 a3 43. Kf2 a2 44. h4 Kg7 45. Kg3 h5 46. Kh2 Rf1 47.
Rxa2 Rxf4 48. g3 Re4 49. Kg2 Kf6 50. Kf3 Re6 51. Ra5 Re5 52. Ra7 Ke6 53. Ra6+
Kf5 54. Ra7 f6 55. Ra3 Rb5 56. Rc3 g5 57. hxg5 fxg5 58. g4+ hxg4+ 59. Kg3 Rb4
60. Rc5+ Kg6 61. Rc8 Kh5 62. Rh8+ Kg6 1/2-1/2

[Event "4NCL/Div3/OXF2 vs. NOTT1"]
[Site "Daventry ENG"]
[Date "2010.03.27"]
[Round "7.4"]
[White "Levens, David G"]
[Black "Rawlinson, Christopher JA"]
[Result "0-1"]
[WhiteElo "1986"]
[BlackElo "2048"]
[PlyCount "134"]
[EventDate "2010.03.27"]
[SourceDate "2009.10.24"]

1. e4 e6 2. d4 d5 3. Nd2 Nf6 4. e5 Nfd7 5. Bd3 c5 6. c3 Nc6 7. Ndf3 f6 8. Nh3
fxe5 9. Nxe5 Ndxe5 10. dxe5 Nxe5 11. Qh5+ Nf7 12. Bxh7 Be7 13. Nf4 e5 14. Ng6
Bg4 15. Qxg4 Rxh7 16. f4 Qd6 17. O-O e4 18. g3 Nh6 19. Qh5 O-O-O 20. Nxe7+ Qxe7
21. f5 Rdh8 22. f6 gxf6 23. Qxd5 Ng4 24. h4 e3 25. Qf3 Rg7 26. Re1 Re8 27. Re2
Qe5 28. Bd2 f5 29. Be1 Reg8 30. Rg2 Re8 31. Rd1 Qe4 32. Qxe4 Rxe4 33. Rd5 Re5
34. Rxe5 Nxe5 35. Kf1 Kd7 36. Ke2 Ng4 37. c4 Ke6 38. Bc3 Rd7 39. Rg1 a6 40. Rf1
b5 41. cxb5 axb5 42. a3 Rd5 43. Rf4 Rd7 44. b3 Ra7 45. a4 Rb7 46. axb5 Rxb5 47.
b4 cxb4 48. Rxb4 Rc5 49. Rb3 Kd5 50. Kd3 Rc8 51. Ba5 Rc1 52. Rb5+ Ke6 53. Ke2
Rg1 54. Be1 Rg2+ 55. Kf1 Rc2 56. Rb6+ Ke5 57. Rb5+ Kf6 58. Rb6+ Kg7 59. Rb7+
Kh6 60. Rb6+ Kh5 61. Rb5 Nh2+ 62. Kg1 Nf3+ 63. Kf1 Kg4 64. Rb4+ Kh3 65. Rb3
Nh2+ 66. Kg1 Rg2+ 67. Kh1 Nf3 0-1

[Event "4NCL/Div3/OXF2 vs. NOTT1"]
[Site "Daventry ENG"]
[Date "2010.03.27"]
[Round "7.5"]
[White "Jackson, Gary"]
[Black "Truman, Richard G"]
[Result "1/2-1/2"]
[WhiteElo "2034"]
[BlackElo "2015"]
[PlyCount "65"]
[EventDate "2010.03.27"]
[SourceDate "2009.10.24"]

1. e4 c5 2. Nf3 d6 3. d4 cxd4 4. Nxd4 Nf6 5. Nc3 a6 6. f3 e6 7. Be3 b5 8. Qd2
Nbd7 9. g4 Nb6 10. h4 Bb7 11. h5 Nfd7 12. g5 d5 13. exd5 Nxd5 14. Nxd5 Bxd5 15.
Bg2 Ne5 16. b3 Rc8 17. a3 Be7 18. f4 Ng4 19. Bg1 Bxg2 20. Qxg2 Qa5+ 21. Kd1 Qc3
22. Ra2 Ne3+ 23. Bxe3 Qxe3 24. Qd2 Qxd2+ 25. Kxd2 O-O 26. g6 Rfd8 27. gxf7+
Kxf7 28. c3 Bf6 29. Kd3 Rc5 30. Re2 Rdc8 31. Rc2 Rd5 32. Re2 Rdc5 33. Rc2
1/2-1/2

[Event "4NCL/Div3/OXF2 vs. NOTT1"]
[Site "Daventry ENG"]
[Date "2010.03.27"]
[Round "7.6"]
[White "Kingston, Ian"]
[Black "Ludbrook, Matthew"]
[Result "1/2-1/2"]
[WhiteElo "1999"]
[BlackElo "2011"]
[PlyCount "59"]
[EventDate "2010.03.27"]
[SourceDate "2009.10.24"]

1. e4 e6 2. d4 d5 3. Nc3 Bb4 4. Nge2 dxe4 5. a3 Bxc3+ 6. Nxc3 f5 7. f3 exf3 8.
Qxf3 Nf6 9. Bf4 c6 10. O-O-O O-O 11. Bc4 Nd5 12. Nxd5 cxd5 13. Bd3 Nd7 14. g4
Nf6 15. gxf5 exf5 16. Rhg1 a6 17. Be5 Ng4 18. Qg3 Rf7 19. Bf4 b5 20. h3 Nf6 21.
Be5 Raa7 22. Rdf1 Ne4 23. Qe1 Qb6 24. Rg2 a5 25. Rfg1 Rae7 26. Qh4 Rb7 27. Qh5
Qc6 28. Qh4 Rbd7 29. Qh5 Rb7 30. Qh4 1/2-1/2

[Event "4NCL/Div3/BRI2 vs. FPONTY"]
[Site "Daventry ENG"]
[Date "2010.03.27"]
[Round "7.1"]
[White "Pugh, Derek C"]
[Black "Sully, David J"]
[Result "1-0"]
[WhiteElo "2122"]
[BlackElo "2119"]
[PlyCount "60"]
[EventDate "2010.03.27"]
[SourceDate "2009.10.24"]

1. e4 c5 2. Nc3 Nc6 3. g3 g6 4. Bg2 Bg7 5. d3 d6 6. Nh3 Nf6 7. O-O O-O 8. f4
Bg4 9. Qd2 Bd7 10. Nf2 Rb8 11. Ncd1 b5 12. Ne3 b4 13. g4 e6 14. Nh1 Ne8 15. Ng3
Nd4 16. Rf2 a5 17. a4 Bc6 18. g5 f6 19. h4 fxg5 20. hxg5 Rb7 21. Qd1 Qb8 22.
Qg4 Re7 23. Qh4 Ref7 24. Ng4 Qd8 25. Bh1 h5 26. Nxh5 gxh5 27. Qxh5 Rxf4 28.
Bxf4 Rxf4 29. Nh6+ Bxh6 30. Rxf4 Bg7 1-0

[Event "4NCL/Div3/BRI2 vs. FPONTY"]
[Site "Daventry ENG"]
[Date "2010.03.27"]
[Round "7.2"]
[White "Adams, Mark A"]
[Black "Humphreys, Jerry G"]
[Result "1/2-1/2"]
[WhiteElo "2026"]
[BlackElo "2082"]
[PlyCount "104"]
[EventDate "2010.03.27"]
[SourceDate "2009.10.24"]

1. e4 c5 2. Nf3 e6 3. d4 cxd4 4. Nxd4 Nf6 5. Nc3 d6 6. Be3 a6 7. a4 Nc6 8. Be2
Be7 9. O-O Qc7 10. f4 O-O 11. Kh1 Bd7 12. Bd3 Rac8 13. Nxc6 Bxc6 14. a5 Nd7 15.
Na4 Bxa4 16. Rxa4 Nc5 17. Rc4 Qd7 18. Bxc5 Rxc5 19. Rxc5 dxc5 20. e5 Rd8 21.
Qf3 Qc7 22. f5 Qxe5 23. fxe6 Qxe6 24. b3 Bf6 25. Qxb7 Qd6 26. Bxa6 Rd7 27. Qe4
g6 28. Bc4 Kg7 29. a6 Be5 30. Qg4 Bxh2 31. Qxd7 Qxd7 32. Rxf7+ Qxf7 33. Bxf7
Bb8 34. Bd5 Kf6 35. Kg1 h5 36. Kf2 Ke5 37. Bf7 Kf6 38. Be8 h4 39. Ke3 g5 40.
Bd7 Ke5 41. Kd3 Kd6 42. Bg4 Kc6 43. Ke4 Kb6 44. Kd5 Ba7 45. Be2 Bb8 46. c3 Ba7
47. Kd6 Bb8+ 48. Kd7 Be5 49. a7 Kxa7 50. Kc6 Bxc3 51. Kxc5 Kb8 52. b4 Kc7
1/2-1/2

[Event "4NCL/Div3/BRI2 vs. FPONTY"]
[Site "Daventry ENG"]
[Date "2010.03.27"]
[Round "7.3"]
[White "Stewart, Joseph"]
[Black "Robinson, David"]
[Result "1/2-1/2"]
[WhiteElo "1994"]
[BlackElo "1967"]
[PlyCount "97"]
[EventDate "2010.03.27"]
[SourceDate "2009.10.24"]

1. e4 d5 2. exd5 Nf6 3. d4 Bg4 4. Be2 Bxe2 5. Qxe2 Qxd5 6. Nf3 e6 7. O-O Nc6 8.
Nc3 Qf5 9. Rd1 O-O-O 10. a3 Bd6 11. b4 e5 12. d5 Nd4 13. Nxd4 exd4 14. Nb5 Rhe8
15. Qf3 Qxf3 16. gxf3 Nxd5 17. Nxa7+ Kb8 18. Nb5 Nc3 19. Nxc3 dxc3 20. Be3 Be5
21. f4 Bf6 22. Kf1 Kc8 23. Ke2 b5 24. Rxd8+ Rxd8 25. a4 bxa4 26. Rxa4 Rd5 27.
Kf3 Kd7 28. Ra6 Rh5 29. Kg3 Rb5 30. Bc5 Rb8 31. Kf3 Re8 32. b5 Rb8 33. Ra5 Ke6
34. Ke4 Re8 35. Ra6+ Kd7+ 36. Kd3 Re1 37. Be3 Rb1 38. b6 cxb6 39. Rxb6 Rh1 40.
Rb7+ Ke6 41. Ke4 Kd6 42. f5 Kc6 43. Rxf7 Rxh2 44. Bd4 Rh4+ 45. f4 Bxd4 46. Kxd4
Rxf4+ 47. Kxc3 h5 48. Rxg7 Rxf5 49. Kd4 1/2-1/2

[Event "4NCL/Div3/BRI2 vs. FPONTY"]
[Site "Daventry ENG"]
[Date "2010.03.27"]
[Round "7.4"]
[White "Davies, Peter L"]
[Black "Jones, Michael"]
[Result "1/2-1/2"]
[WhiteElo "1994"]
[BlackElo "1882"]
[PlyCount "56"]
[EventDate "2010.03.27"]
[SourceDate "2009.10.24"]

1. e4 Nf6 2. e5 Nd5 3. d4 d6 4. Nf3 Bf5 5. Bc4 Nb6 6. Bb3 e6 7. O-O dxe5 8.
Nxe5 N8d7 9. Qe2 Nxe5 10. dxe5 c6 11. Rd1 Qc7 12. c4 Rd8 13. Rxd8+ Qxd8 14. Be3
Qd3 15. Qxd3 Bxd3 16. Nd2 Bb4 17. Rc1 Ke7 18. h3 Rd8 19. a3 Bxd2 20. Bxd2 Rd4
21. Bc3 Re4 22. f3 Rh4 23. g4 Rxh3 24. Kg2 Rh6 25. Bd2 Rg6 26. Rc3 Bb1 27. Rc1
Bd3 28. Rc3 Bb1 1/2-1/2

[Event "4NCL/Div3/BRI2 vs. FPONTY"]
[Site "Daventry ENG"]
[Date "2010.03.27"]
[Round "7.5"]
[White "Bromilow, Edward T"]
[Black "Dixon, Chris"]
[Result "1/2-1/2"]
[WhiteElo "1922"]
[BlackElo "1953"]
[PlyCount "37"]
[EventDate "2010.03.27"]
[SourceDate "2009.10.24"]

1. d4 d6 2. e4 Nf6 3. Nc3 g6 4. Be3 Bg7 5. Qd2 O-O 6. Nf3 a6 7. Bd3 b5 8. O-O
Bb7 9. a3 Nbd7 10. Bh6 e5 11. Bxg7 Kxg7 12. Rfe1 Nh5 13. Rad1 Qe7 14. Nd5 Bxd5
15. exd5 Qf6 16. dxe5 Nxe5 17. Qc3 Rfe8 18. Qxc7 Rac8 19. Qb7 1/2-1/2

[Event "4NCL/Div3/BRI2 vs. FPONTY"]
[Site "Daventry ENG"]
[Date "2010.03.27"]
[Round "7.6"]
[White "Gilbert, Colin"]
[Black "White, Martin"]
[Result "1-0"]
[WhiteElo "1867"]
[BlackElo "1914"]
[PlyCount "39"]
[EventDate "2010.03.27"]
[SourceDate "2009.10.24"]

1. d4 Nf6 2. c4 e6 3. Nc3 Bb4 4. e3 b6 5. Bd3 Bb7 6. Nf3 O-O 7. O-O d5 8. Bd2
Nbd7 9. cxd5 exd5 10. Rc1 a6 11. Qc2 Re8 12. Ne1 Qe7 13. Bf5 Bd6 14. Ne2 Ne4
15. Bxd7 Qxd7 16. f4 Rac8 17. Nd3 c5 18. Ne5 Qb5 19. Bc3 f6 20. a4 1-0

[Event "4NCL/Div3/AMCAR vs. OXF3"]
[Site "Daventry ENG"]
[Date "2010.03.27"]
[Round "7.1"]
[White "McLaughlin, Noel S"]
[Black "Vikanis, Georgs"]
[Result "1/2-1/2"]
[WhiteElo "2022"]
[BlackElo "1930"]
[PlyCount "45"]
[EventDate "2010.03.27"]
[SourceDate "2009.10.24"]

1. Nf3 Nf6 2. c4 e6 3. g3 d5 4. Bg2 b6 5. O-O Bb7 6. b3 Be7 7. Bb2 O-O 8. e3
Nbd7 9. Qe2 Rc8 10. Rd1 c5 11. Nc3 d4 12. exd4 cxd4 13. Nxd4 Bxg2 14. Kxg2 Nc5
15. Ncb5 a6 16. Na7 Rc7 17. Nac6 Qa8 18. Qf3 Bd6 19. Nb4 Nce4 20. d3 Bxb4 21.
dxe4 Qxe4 22. a3 Be7 23. Rac1 1/2-1/2

[Event "4NCL/Div3/AMCAR vs. OXF3"]
[Site "Daventry ENG"]
[Date "2010.03.27"]
[Round "7.2"]
[White "Neatherway, A Philip"]
[Black "Stille, Alexander M"]
[Result "0-1"]
[WhiteElo "1922"]
[BlackElo "2054"]
[PlyCount "44"]
[EventDate "2010.03.27"]
[SourceDate "2009.10.24"]

1. e4 e5 2. Nf3 Nc6 3. Bb5 a6 4. Ba4 Nf6 5. Qe2 b5 6. Bb3 Bc5 7. c3 O-O 8. a4
b4 9. a5 d6 10. O-O bxc3 11. bxc3 Rb8 12. Bc4 Nxa5 13. Rxa5 Rxb1 14. d4 exd4
15. cxd4 Ba7 16. Qa2 Rb8 17. Ng5 d5 18. Rxd5 Nxd5 19. Bxd5 Qe7 20. Bf4 Bxd4 21.
Rc1 Rb2 22. Qc4 c5 0-1

[Event "4NCL/Div3/AMCAR vs. OXF3"]
[Site "Daventry ENG"]
[Date "2010.03.27"]
[Round "7.3"]
[White "Tunstall, George S"]
[Black "Terry, Sean"]
[Result "0-1"]
[WhiteElo "1947"]
[BlackElo "1867"]
[PlyCount "72"]
[EventDate "2010.03.27"]
[SourceDate "2009.10.24"]

1. d4 Nf6 2. c4 Nc6 3. Nc3 d6 4. e4 e5 5. d5 Ne7 6. h4 a6 7. Be2 Bd7 8. a4 Nc8
9. g4 h6 10. f3 Be7 11. Be3 Nh7 12. Bf2 O-O 13. Qd2 c6 14. O-O-O Qa5 15. b3 c5
16. Bd3 Na7 17. Nge2 b5 18. cxb5 Rfb8 19. Kb2 axb5 20. axb5 Nxb5 21. Ra1 Na3
22. Qd1 c4 23. Bc2 cxb3 24. Bd3 Qb4 25. Be3 Nc4+ 26. Bxc4 Qxc4 27. Rxa8 Rxa8
28. Qxb3 Qc8 29. Qc2 Rb8+ 30. Kc1 Qc4 31. Kd2 Bd8 32. Bf2 Ba5 33. Rb1 Rxb1 34.
Qxb1 Bb5 35. Qd1 Bxc3+ 36. Nxc3 Qd3+ 0-1

[Event "4NCL/Div3/AMCAR vs. OXF3"]
[Site "Daventry ENG"]
[Date "2010.03.27"]
[Round "7.4"]
[White "Zhang, Marco"]
[Black "Zhu, Yao Yao"]
[Result "0-1"]
[WhiteElo "1938"]
[BlackElo "1954"]
[PlyCount "74"]
[EventDate "2010.03.27"]
[SourceDate "2009.10.24"]

1. e4 c5 2. d4 cxd4 3. c3 Nf6 4. e5 Nd5 5. cxd4 Nc6 6. Bc4 Nb6 7. Bb3 d6 8. d5
Nxe5 9. f4 Ng4 10. Nf3 g6 11. Bd2 Bg7 12. Bc3 Nf6 13. O-O O-O 14. Nd4 Nfxd5 15.
f5 Ne3 16. Qd3 Nxf5 17. Nxf5 Bxf5 18. Rxf5 gxf5 19. Qxf5 Qc8 20. Qe4 Qc5+ 21.
Kh1 Qg5 22. Na3 d5 23. Qd3 e5 24. Bd2 e4 25. Qe2 Qg6 26. Rf1 Rac8 27. Rf4 Rc6
28. Nc2 Rf6 29. Rh4 Qf5 30. Rf4 Qe5 31. Rh4 d4 32. Nxd4 Qxd4 33. Bc3 Qd3 34.
Qxd3 exd3 35. Bxf6 Bxf6 36. Rh3 d2 37. Rd3 Rd8 0-1

[Event "4NCL/Div3/AMCAR vs. OXF3"]
[Site "Daventry ENG"]
[Date "2010.03.27"]
[Round "7.5"]
[White "Mitchell, Stephen R"]
[Black "Langham, Rod E"]
[Result "0-1"]
[WhiteElo "2017"]
[BlackElo "1786"]
[PlyCount "50"]
[EventDate "2010.03.27"]
[SourceDate "2009.10.24"]

1. d4 e6 2. c4 f5 3. g3 d5 4. Bg2 c6 5. Nh3 Bd6 6. Nc3 Nf6 7. O-O O-O 8. b3
Nbd7 9. Bb2 Ne4 10. Qc2 Ng5 11. Nf4 Bxf4 12. gxf4 Ne4 13. Ba3 Rf6 14. Nxe4 fxe4
15. Bd6 Rh6 16. Be5 Qh4 17. h3 Rg6 18. Kh1 Nxe5 19. fxe5 Bd7 20. Qd2 Rf8 21.
Qe1 Rf3 22. exf3 exf3 23. Rg1 fxg2+ 24. Rxg2 Qxh3+ 25. Rh2 Qf3+ 0-1

[Event "4NCL/Div3/AMCAR vs. OXF3"]
[Site "Daventry ENG"]
[Date "2010.03.27"]
[Round "7.6"]
[White "Wang, Xingliang Anna"]
[Black "Marley, Andrew"]
[Result "0-1"]
[WhiteElo "1698"]
[BlackElo "1928"]
[PlyCount "150"]
[EventDate "2010.03.27"]
[SourceDate "2009.10.24"]

1. e4 c5 2. c3 Nf6 3. e5 Nd5 4. d4 cxd4 5. cxd4 d6 6. Nf3 Nc6 7. Bc4 e6 8. O-O
Be7 9. Qb3 Nb6 10. Bb5 O-O 11. Nc3 Bd7 12. Bd3 Rc8 13. Bf4 dxe5 14. dxe5 Nb4
15. Rfd1 Nxd3 16. Rxd3 Rc4 17. Bg3 Qc7 18. h3 Rc8 19. Rd4 Qc5 20. Rxc4 Qxc4 21.
Qxc4 Nxc4 22. Rb1 Bb4 23. Ne2 Bc6 24. Ned4 Bd5 25. a3 Nd2 26. Nxd2 Bxd2 27. Ne2
Bb3 28. Bf4 Bxf4 29. Nxf4 g6 30. Ne2 Rc4 31. Nc3 h5 32. Kh2 Kg7 33. Re1 Rc5 34.
f4 a6 35. Re3 Bd5 36. Rd3 a5 37. b4 axb4 38. axb4 Rc4 39. Nxd5 exd5 40. Rxd5
Rxb4 41. Kg3 Rb2 42. Rd7 Kf8 43. h4 Rb3+ 44. Kf2 b5 45. Rb7 b4 46. Ke2 Rb2+ 47.
Kf3 b3 48. Kg3 Rb1 49. Kf3 b2 50. Ke3 Re1+ 51. Kd4 b1=Q 52. Rxb1 Rxb1 53. Ke4
Ke7 54. f5 Re1+ 55. Kf4 Rf1+ 56. Kg5 Rxf5+ 57. Kh6 Rxe5 58. Kg7 Rd5 59. Kh6 Kf6
60. Kh7 Rd4 61. g3 Rg4 62. Kh6 Rxg3 63. Kh7 Rg4 64. Kh6 Rxh4 65. Kh7 Kg5 66.
Kg7 Rf4 67. Kf8 h4 68. Ke7 h3 69. Kd6 h2 70. Kd5 h1=Q+ 71. Kd6 Rd4+ 72. Kc5
Qd5+ 73. Kb6 Rb4+ 74. Kc7 Rb7+ 75. Kc8 Qd7# 0-1

[Event "4NCL/Div3/E2E43 vs. HACK"]
[Site "Daventry ENG"]
[Date "2010.03.27"]
[Round "7.1"]
[White "Ganger, Rajan"]
[Black "Chin, Francis CW"]
[Result "0-1"]
[WhiteElo "1922"]
[BlackElo "2122"]
[PlyCount "60"]
[EventDate "2010.03.27"]
[SourceDate "2009.10.24"]

1. e4 e6 2. d4 d5 3. exd5 exd5 4. Nf3 Nc6 5. c3 Bd6 6. Bd3 Nge7 7. Bg5 Bg4 8.
h3 Bh5 9. Nbd2 Qd7 10. Qc2 h6 11. Bxe7 Qxe7+ 12. Kd1 Qf6 13. Re1+ Ne7 14. g4
Bg6 15. Ne5 O-O-O 16. Ndf3 Kb8 17. Bxg6 fxg6 18. Re2 h5 19. g5 Qf4 20. Qd3 Rhf8
21. Kc2 Bxe5 22. Nxe5 Qxg5 23. Qb5 Qf5+ 24. Kb3 Rf6 25. Qd3 Qc8 26. Rae1 a6 27.
Rg1 Nf5 28. Nxg6 c5 29. dxc5 Qxc5 30. a3 Qb6+ 0-1

[Event "4NCL/Div3/E2E43 vs. HACK"]
[Site "Daventry ENG"]
[Date "2010.03.27"]
[Round "7.2"]
[White "Tasker, Michael W"]
[Black "Livesey, R Nigel"]
[Result "1-0"]
[WhiteElo "2081"]
[BlackElo "1893"]
[PlyCount "101"]
[EventDate "2010.03.27"]
[SourceDate "2009.10.24"]

1. Nf3 d5 2. d4 e6 3. c4 c6 4. Nc3 f5 5. g3 Nf6 6. Bg2 Bd6 7. O-O O-O 8. b3
Nbd7 9. Qc2 Ne4 10. Bb2 Ndf6 11. Rad1 Bd7 12. Ne5 Rc8 13. Nxe4 Nxe4 14. f3 Nf6
15. e4 Re8 16. Nxd7 Nxd7 17. exf5 exf5 18. Qxf5 Nf6 19. Rfe1 Rc7 20. c5 Bf8 21.
Bc3 Rce7 22. Rxe7 Rxe7 23. Kf2 g6 24. Qd3 Bg7 25. Re1 Kf7 26. Rxe7+ Qxe7 27.
Qe3 Qd7 28. Qf4 h5 29. Ba5 Ke8 30. Qb8+ Kf7 31. Qc7 Qxc7 32. Bxc7 Nd7 33. Ke3
Bh6+ 34. Kd3 b6 35. Bh3 Ke7 36. Bxd7 Kxd7 37. cxb6 axb6 38. Bxb6 Kc8 39. a4 Kb7
40. Bd8 Bc1 41. Be7 Ka6 42. Bd6 Bb2 43. h3 Bc1 44. f4 Kb7 45. g4 hxg4 46. hxg4
Kc8 47. f5 gxf5 48. gxf5 Kd7 49. Bc5 Bg5 50. b4 Kc7 51. Ke2 1-0